LEADER 01100nam 2200373 450 001 9910326249103321 005 20221013112531.0 010 $a1-83962-151-6 010 $a1-83880-250-9 035 $a(CKB)4100000008408595 035 $a(NjHacI)994100000008408595 035 $a(EXLCZ)994100000008408595 100 $a20221013d2019 uy 0 101 0 $aeng 135 $aur||||||||||| 181 $ctxt$2rdacontent 182 $cc$2rdamedia 183 $acr$2rdacarrier 200 00$aAtmospheric Pressure Plasma $efrom Diagnostics to Applications /$fedited by Anton Nikiforov and Zhiqiang Chen 210 1$aLondon, England :$cIntechOpen,$d2019. 215 $a1 online resource (144 pages) 311 $a1-83880-249-5 517 $aAtmospheric pressure plasma 606 $aAtmospheric pressure 615 0$aAtmospheric pressure. 676 $a551.5 702 $aNikiforov$b Anton 702 $aChen$b Zhiqiang 801 0$bNjHacI 801 1$bNjHacl 906 $aBOOK 912 $a9910326249103321 996 $aAtmospheric Pressure Plasma$92958647 997 $aUNINA